Fundamentals of human resource management. / (Record no. 8285)

MARC details
000 -LEADER
fixed length control field 01305nam a22002297a 4500
003 - CONTROL NUMBER IDENTIFIER
control field OSt
005 - DATE AND TIME OF LATEST TRANSACTION
control field 20211213154556.0
008 - FIXED-LENGTH DATA ELEMENTS--GENERAL INFORMATION
fixed length control field 120419t xxu||||| |||| 00| 0 eng d
020 ## - INTERNATIONAL STANDARD BOOK NUMBER
International Standard Book Number 9780071221061
020 ## - INTERNATIONAL STANDARD BOOK NUMBER
International Standard Book Number 0071221069
040 ## - CATALOGING SOURCE
Transcribing agency LC
050 ## - LIBRARY OF CONGRESS CALL NUMBER
Classification number HF5549.17.F98
245 ## - TITLE STATEMENT
Title Fundamentals of human resource management. /
Statement of responsibility, etc. Raymond A. Noe ...[et al.]
250 ## - EDITION STATEMENT
Edition statement 4th ed.
260 ## - PUBLICATION, DISTRIBUTION, ETC.
Place of publication, distribution, etc. London:
Name of publisher, distributor, etc. McGraw-Hill,
Date of publication, distribution, etc. 2011.
300 ## - PHYSICAL DESCRIPTION
Extent xiii, 587 p. :
Other physical details col. ill. ;
500 ## - GENERAL NOTE
General note Includes index.
505 ## - FORMATTED CONTENTS NOTE
Formatted contents note Contents: Managing human resources -- Trends in human resource management -- Providing equal opportunity and a safe workplace – Analyzing work and designing jobs – Planning for and recruiting human resources – Selecting employees and placing them in jobs – training employees – Managing employees’ performance – Developing employees for future success – Separating and retaining employees – establishing a pay structure – Recognizing employee contribution with pay – Providing employee benefits – Collective bargaining and labor relations – Managing human resources globally – Creating and maintaining high performance organizations --
650 ## - SUBJECT ADDED ENTRY--TOPICAL TERM
Topical term or geographic name entry element Personnel management
General subdivision Handbooks, manuals, etc.
700 ## - ADDED ENTRY--PERSONAL NAME
Fuller form of name Noe, Raymond A.
942 ## - ADDED ENTRY ELEMENTS (KOHA)
Source of classification or shelving scheme Library of Congress Classification
Koha item type Books
Holdings
Withdrawn status Lost status Source of classification or shelving scheme Damaged status Not for loan Home library Current library Shelving location Date acquired Total Checkouts Full call number Barcode Date last seen Price effective from Koha item type
    Library of Congress Classification     WISCONSIN INTERNATIONAL UNIVERSITY COLLEGE, GHANA KUMASI LIBRARY WISCONSIN INTERNATIONAL UNIVERSITY COLLEGE, GHANA KUMASI LIBRARY General Stacks 08/11/2019   HF5549.17.F98(4e) K/1817/1817/19 13/12/2021 13/12/2021 Books

If you have any concerns or questions; kindly contact the library


© Powered by WIUC ICT DIRECTORATE